Регионална библиотека "Любен Каравелов" - Русе

За да достигнеш плода (Запис номер 16807)

MARC детайли
000 -Лидер
Контролно поле с фиксирана дължина 01083nam a2200301 a 4500
003 - Код на организацията, давaща контролен номер
Контролно поле BLK
005 - Дата и час на последна редакция
Контролно поле 20241125101101.0
008 - Елементи от данни с фиксирана дължина
fixed length control field 180413b bul|||||r ||||||| ||bul||
010 ## - Наследен системен номер
LC control number KNG00018711000
040 ## - Източник на каталожния запис
Идентификатор на билиотеката - собственик на записа BLK
041 ## - Код за език
Код за езика на текст/звукозапис или на отделно заглавие Български
Код за езика КДБФ Български
080 ## - УДК
Текстов определител УДК Американска литература (на САЩ)
УДК код - определител по УДК 821.111(73)
УДК определител -31
УДК - код + определител 821.111(73)-31
100 1# - Редна дума - Автор
Автор Маклейн, Шърли
Авторска отговорност първи автор
R(LIN) 364305
139 ## - Редно поле
Редна дума Маклейн, Шърли
Авторски знак Мак - М 19
245 10 - Сведения за заглавието
Заглавие За да достигнеш плода
Подзаглавни данни Роман
Редно поле (дума) Шърли Маклейн; прев. от англ. Нели Константинова.
257 ## - Страна на издаване
Страна на създаване/издаване Съединени американски щати
260 ## - Област на издателските данни
Място на издаване, разпространение и проч. София
Име на издателя, разпространителя и проч. Анима
Година на издаване 1992
300 ## - Физическа характеристика
Страници 335 с.
Размери/Мащаб 21 см
380 ## - Жанр
Жанр Худож. лит.
700 1# - Други автори (авторска отговорност)
Лично име Константинова, Нели
Автороска отговорност (Описва отношението между автора и произведението) прев. от англ.
9 (RLIN) 364690
852 ## - Местоположение
Форматна сигнатура Цб 171951
Фондова буква Хранилище
856 4# - Електронен адрес и достъп
Електронен формат pdf - файл
Път до файла /url/
Инструкция (цена за достъп) 0.00
Права за достъп disable
856 4# - Електронен адрес и достъп
Електронен формат pdf - файл
Път до файла /url/
Инструкция (цена за достъп) 0.00
Права за достъп disable
999 ## - СИСТЕМНИ КОНТРОЛНИ НОМЕРА
Koha biblionumber 16807
Koha biblioitemnumber 16807
942 ## - АРТИКУЛИ
Вид на библиотечния материал Книги
Скрит в OPAC Не
Koha issues (borrowed), all copies 7
Периодичен библиозапис Да
944 ## - СЪЗДАВАНЕ И РЕДАКЦИЯ на ЗАПИСА
Създаване/Редакция Създаване
Дата на регистрацията/редакция 15.01.2003
Служител, извършил регистрацията/редакцията 30529
Статус, дата на статуса Диана Гривева
944 ## - СЪЗДАВАНЕ И РЕДАКЦИЯ на ЗАПИСА
Създаване/Редакция Редакция
Дата на регистрацията/редакция 15.01.2003
999 ## - СИСТЕМНИ КОНТРОЛНИ НОМЕРА
Koha biblioitemnumber 16807
Наличности
Код за отписване Код за изгубен артикул Източник на класификационната схема Код за повреда Коз за рестрикции Код за отдаване Артикулен № Име на библиотеката - собственик Име на библиотеката, в която се намира в момента Статус (Текущо местоположение) Дата на вписване в системата Местоположение - отдел Цена в лева Инвентарен номер Систематично азбучна сигнатура Баркод Номер на екземпляра Цена в евро Служебна бележка Служебен тип на артикула
Изтеглен Не е изгубен Universal Decimal Classification Не е повреден без рестрикции заемане за дома 28319 Регионална библиотека "Любен Каравелов" Русе Регионална библиотека "Любен Каравелов" Русе Заемна - подръчен фонд 2002-07-12 Заемна - подръчен фонд 2.30 120000671057 П 820(73)-31/М 19 120000671057 1 1.18 Дост: Pk Вид: Б N: 2 Дата: 08.07.2002 Дата инв: 13.02.2018 Бележки инв: П2018 Книги
  Не е изгубен Universal Decimal Classification Не е повреден без рестрикции ползва се в читалня 28320 Регионална библиотека "Любен Каравелов" Русе Регионална библиотека "Любен Каравелов" Русе Хранилище 1992-01-01 Хранилище 1.05 576078 Цб 171951 120000576078 2 0.54 Дост: Dp Вид: Д N: стар фонд Дата: 01.01.1992 Книги
  Не е изгубен Universal Decimal Classification Не е повреден без рестрикции заемане за дома 692745 Регионална библиотека "Любен Каравелов" Русе Регионална библиотека "Любен Каравелов" Русе Заемна - подръчен фонд 2019-03-07 Заемна - подръчен фонд 3.00   П 820(73)-31/М 19 120000830586   1.53   Книги
Vip Innovations Ltd, Rousse, Bulgaria 2025